Bengal, Bihar Orissa & Sikkim / (Record no. 130932)

MARC details
000 -LEADER
fixed length control field 00664nam a22002297a 4500
005 - DATE AND TIME OF LATEST TRANSACTION
control field 20170124110120.0
010 ## - LIBRARY OF CONGRESS CONTROL NUMBER
LC control number 953243
020 ## - INTERNATIONAL STANDARD BOOK NUMBER
Terms of availability 80.00
035 ## - SYSTEM CONTROL NUMBER
System control number 953243
037 ## - SOURCE OF ACQUISITION
Source of stock number/acquisition Cen Lib/Ret
040 ## - CATALOGING SOURCE
Original cataloging agency DPL
Language of cataloging EN
082 ## - DEWEY DECIMAL CLASSIFICATION NUMBER
Classification number 915.45
Item number OMA
100 ## - MAIN ENTRY--PERSONAL NAME
Personal name Omalley,L.S.S.
9 (RLIN) 30440
245 ## - TITLE STATEMENT
Title Bengal, Bihar Orissa & Sikkim /
Statement of responsibility, etc by L.S.S. Omalley
260 ## - PUBLICATION, DISTRIBUTION, ETC. (IMPRINT)
Place of publication, distribution, etc New Delhi
Name of publisher, distributor, etc Ess Ess Publications
Date of publication, distribution, etc 1979
270 ## - ADDRESS
Address 4837/24, Ansari Road
City New Delhi
Postal code 110002
300 ## - PHYSICAL DESCRIPTION
Extent xii,317p. :
Dimensions 20cm(Hb)
Other physical details ill.
500 ## - GENERAL NOTE
General note Includes index
650 ## - SUBJECT ADDED ENTRY--TOPICAL TERM
Topical term or geographic name as entry element Natural Science
9 (RLIN) 106127
650 ## - SUBJECT ADDED ENTRY--TOPICAL TERM
Topical term or geographic name as entry element Religions
Geographic subdivision India
9 (RLIN) 30442
942 ## - ADDED ENTRY ELEMENTS (KOHA)
Source of classification or shelving scheme Dewey Decimal Classification
Koha item type English Books
Classification part 915.45
Call number suffix OMA
Holdings
Withdrawn status Lost status Damaged status Not for loan Home library Current library Date acquired Source of acquisition Cost, normal purchase price Total Checkouts Full call number Barcode Date last seen Date checked out Copy number Cost, replacement price Price effective from Koha item type
        Central Library Central Library 11/07/2015 Cen Lib/Ret 80.00 1 915.45 OMA 953243 21/07/2017 06/05/2017 1 80.00 11/07/2015 English Books

© Delhi Public Library
Hit Counter
free hit counter